Makroekonomika planovoj i predprinimatel'skoj sisteme

Kapitola 7. Štruktúrna mobilnosť ekonomiky. Mobilnosť a štruktúrna politika. Metodika merania mobilnosti ekonomiky. Konverzia. Hranice procesu konverzie v plánových a podnikateľských ekonomikách. Sociálne ciele a dôsledky konverzie.

Uložené v:
Podrobná bibliografia
Hlavný autor: Fal'cman, V.
Médium: Kapitola
Jazyk:Russian
Predmet:
Tagy: Pridať tag
Žiadne tagy, Buďte prvý, kto otaguje tento záznam!

MARC

LEADER 00000naa a2200000 4500
001 r010194
005 20221130113220.2
041 0 |a rus 
044 |a SU 
245 1 0 |a Makroekonomika planovoj i predprinimatel'skoj sisteme  |c V. Fal'cman 
520 |a Kapitola 7. Štruktúrna mobilnosť ekonomiky. Mobilnosť a štruktúrna politika. Metodika merania mobilnosti ekonomiky. Konverzia. Hranice procesu konverzie v plánových a podnikateľských ekonomikách. Sociálne ciele a dôsledky konverzie. 
610 2 0 |a teórie ekonomické 
610 2 0 |a školy vysoké 
610 2 0 |a vyučovanie 
610 2 0 |a makroekonomika 
610 2 0 |a štruktúra ekonomická 
610 2 0 |a konverzia priemyslu 
610 2 0 |a plánovanie hospodárske 
610 2 0 |a podnikanie 
610 2 0 |a politika sociálna 
100 1 |a Fal'cman, V.